| 000 | 00609nam a2200193 a 4500 | ||
|---|---|---|---|
| 001 | BRCA_6856 | ||
| 005 | 20190320205622.0 | ||
| 008 | 091111s1940----sp-o######---#000-0#spa-# | ||
| 041 | _aspa | ||
| 044 | _asp | ||
| 245 | 1 | 0 |
_aColegiata y museo de Covarrubias (Burgos) _b10 postales artistica en fotografía _cfotos de J. Garcia. |
| 260 |
_aEspaña _bManipel _c[1940] |
||
| 300 |
_a4 v. _c9 cm. |
||
| 500 | _aTarjetas postales inventariadas por Banco de México como libro | ||
| 500 | _aL141 | ||
| 651 | 4 |
_aCovarrubias, Burgos (España) _xEdificios, estructuras, etc. _917087 |
|
| 902 | _aGFM | ||
| 942 |
_2lcc _cB |
||
| 999 |
_c6538 _d6538 |
||